000 01522nam a2200301 4500
001 0000022821
003 CO-CtgCURN
005 20250329164830.0
007 ta
008 160627s1962 000 0 eng d
040 _aCO-CtgCURN
_bspa
_ccoctgcurn
082 0 _a611.314
_bD537a
100 1 _aDiamond, Moses.
245 1 0 _aAnatomía dental :
_bcon la anatomía de la cabeza y del cuello /
_cMoses Diamond.
250 _a2a ed.
260 _aMexico :
_bUthea,
_c1962.
300 _axiii, 402 p.
336 _2rdacontent
337 _2rdamedia
_asin mediacion
_bn
338 _2rdacarrier
_avolumen
_bnc
504 _aBibliografia (p.453-465)
505 8 _aIntroducción.--Morfología dental comparada.--Desarrollo del diente.--Formacion y calificacion de los tejidos duros.--Tejidos del diente.--Erupcion.--Dientes temporales.--Dientes superiores.--Dientes inferiores.--Tecnicas para la reproducción de las formas fundamentales de los dientes.--Variaciones y anomalias.--Colocacion de los dientes y oclusion.--Tejidos de sosten de los dientes.--Camara y canales pulpares.--Musculos de la cabeza y el cuello.--Atlas.--La cavidad bucal y sus tejidos blandos.--Irrigacion de la cabeza y el cuello.--Sisitema nervioso.--La articulacion tempomandibular.--Crecimiento y desarrollo del craneo
650 1 4 _aDientes
_vAnatomía.
700 1 _aCarrera, Oscar G.,
_eTraductor.
908 _a160627
942 _cBK
_h611.314
_iD537a
_2ddc
999 _c1816
_d1816